Principles and practice of ground improvement

Principles and Practice of Ground Improvement is the only comprehensive, up-to-date compendium of solutions to this critical aspect of civil engineering. Dr. Jie Han, registered Professional Engineer and preeminent voice in geotechnical engineering, is the ultimate guide to the methods and best prac...

Celý popis

Uloženo v:
Podrobná bibliografie
Hlavní autor: Han, Jie
Médium: Kniha
Jazyk:Undetermined
Vydáno: New York Wiley 2015
Témata:
Tagy: Přidat tag
Žádné tagy, Buďte první, kdo otaguje tento záznam!
Thư viện lưu trữ: Trung tâm Học liệu Trường Đại học Cần Thơ
LEADER 01031nam a2200217Ia 4500
001 CTU_230278
008 210402s9999 xx 000 0 und d
020 |c 2045000 
082 |a 624.15 
082 |b H233 
100 |a Han, Jie 
245 0 |a Principles and practice of ground improvement 
245 0 |c Jie Han 
260 |a New York 
260 |b Wiley 
260 |c 2015 
520 |a Principles and Practice of Ground Improvement is the only comprehensive, up-to-date compendium of solutions to this critical aspect of civil engineering. Dr. Jie Han, registered Professional Engineer and preeminent voice in geotechnical engineering, is the ultimate guide to the methods and best practices of ground improvement. Han walks you through various ground improvement solutions and provides theoretical and practical advice for determining which technique fits each situation. 
650 |a Foundations,Nền móng 
904 |i mai, Hải 
910 |a Tuyến 
980 |a Trung tâm Học liệu Trường Đại học Cần Thơ